000 00682nam a2200229 4500
003 LK-CoMWRAF
005 20231115092418.0
008 230906b1998 |||||||| |||| 00| 0 eng d
020 _a0803990871
040 _aLK-CoMWRAF
_dLK-CoMWRAF
_eLK-CoMWRAF
041 _aeng
082 _a305.26
_bMOR
100 _aMorgan, Leslie A.
245 _aAging : the social context
260 _aCalifornia:
_bPine Forge press,
_c1998
300 _a xxvii, 488 p. : ill. ; 24 cm.
_bBibliography, glossary and index included
650 _aAGED-United States
650 _aOlder people--United States.
650 _aGerontology--United States.
700 _a Kunkel, Suzanne.
942 _cBK
999 _c3427
_d3427